Putera raja berebut takhta

Bibliographic Details
Main Author: Matlob
Format: Book
Published: Kuala Lumpur : Berita Publishing , 1994
Series:Siri bacaan klasik Berita
Subjects:

MARC

LEADER 00000cam a2200000 7i4500
001 0000002402
002 000002614
005 20070110.0
020 |a 9679694216 
090 0 0 |a JF   |b MAT 
100 0 |a Matlob 
245 1 0 |a Putera raja berebut takhta   |c Matlob 
260 |a Kuala Lumpur :   |b Berita Publishing ,   |c 1994 
300 |a 71p. ;   |c 21cm. 
490 0 |a Siri bacaan klasik Berita 
650 0 0 |a Folk literature, Malay 
999 |a 035906   |b BUKU   |c PINJAMAN   |e PERPUSTAKAAN KOMUNITI PETALING JAYA